000
00347nam a2200145Ia 4500
008
221030s9999 xx 000 0 und d
041
_a
English
082
_a
105.23
100
_a
C. R.wylie
245
0
_a
Advanced Engineering Mathematics
_c
by C. R.wylie , L. C. Barrett
260
_c
0
650
_a
B
700
_a
L. C. Barrett
942
_c
BK
999
_c
11040
_d
11040